000 00659nam a22002177a 4500
003 OSt
005 20240625015525.0
006 a
008 240625b |||||||| |||| 00| 0 eng d
020 _a9781111425647
040 _aDWCL-Main lib.
_cOC
082 _2Seventh edition
_aCirc. 572 C189b 2012
100 _aCampbell, Mary K.
245 _aBiochemistry /
250 _aSeventh edition
260 _aAustralia :
_bBrooks/ Cole, Cengage Learning,
_cc2012.
300 _bvarious paging : col. ill. ;
_c28 cm.
504 _aIncludes bibliographical references & index.
650 _a1. Biochemistry.
942 _2ddc
_n0
_cBK-CIRC
_eSeventh edition
_kCirc.
999 _c1273
_d1273